Land Use and Soil Resources (Record no. 14420)
[ view plain ]
| 000 -LEADER | |
|---|---|
| fixed length control field | 00317nam a22001337a 4500 |
| 020 ## - INTERNATIONAL STANDARD BOOK NUMBER | |
| ISBN | 9781402067778 |
| 082 ## - DEWEY DECIMAL CLASSIFICATION NUMBER | |
| Classification number | 631.45 |
| Item number | BRA/LA |
| 245 ## - TITLE STATEMENT | |
| Title | Land Use and Soil Resources |
| 260 ## - PUBLICATION, DISTRIBUTION, ETC. (IMPRINT) | |
| Place of publication | Stockholm |
| Name of publisher | Springer |
| Year of publication | 2007 |
| 300 ## - PHYSICAL DESCRIPTION | |
| Number of Pages | 253 |
| 700 ## - ADDED ENTRY--PERSONAL NAME | |
| Personal name | Braimoh,Ademola K. |
| 700 ## - ADDED ENTRY--PERSONAL NAME | |
| Personal name | Vlek,Paul L.G |
| 942 ## - ADDED ENTRY ELEMENTS (KOHA) | |
| Koha item type | Reference |
No items available.
